Planeamiento estratégico y dinámica de la transformación empresaria (Registro nro. 18234)

Detalles MARC
000 -LEADER
fixed length control field 00357 a2200109 4500
001 - CONTROL NUMBER
control field ART_15582
005 - DATE AND TIME OF LATEST TRANSACTION
control field 20260410161735.0
008 - FIXED-LENGTH DATA ELEMENTS--GENERAL INFORMATION
fixed length control field 260409a
100 1# - MAIN ENTRY--PERSONAL NAME
Personal name Levy, Alberto R.
245 10 - TITLE STATEMENT
Title Planeamiento estratégico y dinámica de la transformación empresaria
773 0# - HOST ITEM ENTRY
Title Ejecutivos de finanzas
Related parts - Año 6, Nº 50 (oct. 1988)
Record control number REV2863

No hay ítems disponibles.